Ethics and public service in Africa / (Record no. 13091)

MARC details
000 -LEADER
fixed length control field 00579nam a22001932 4500
001 - CONTROL NUMBER
control field 0000007532
005 - DATE AND TIME OF LATEST TRANSACTION
control field 20151217155834.0
008 - FIXED-LENGTH DATA ELEMENTS--GENERAL INFORMATION
fixed length control field 080213s xx 000 0 eng d
020 ## - INTERNATIONAL STANDARD BOOK NUMBER
International Standard Book Number 9966925120 :
Terms of availability KES
040 ## - CATALOGING SOURCE
Original cataloging agency KABU
Transcribing agency KABU
100 1# - MAIN ENTRY--PERSONAL NAME
Personal name Otenyo, Eric E.
-- 0000158799
245 10 - TITLE STATEMENT
Title Ethics and public service in Africa /
Statement of responsibility, etc. Eric E. Otenyo.
260 ## - PUBLICATION, DISTRIBUTION, ETC. (IMPRINT)
Place of publication, distribution, etc. Nairobi :
Name of publisher, distributor, etc. Quest & Insight,
Date of publication, distribution, etc. 1998.
300 ## - PHYSICAL DESCRIPTION
Extent vii, 84 p.
650 #0 - SUBJECT ADDED ENTRY--TOPICAL TERM
Topical term or geographic name as entry element Civil service ethics
Geographic subdivision Africa.
-- 0000153204
908 ## - PUT COMMAND PARAMETER (RLIN)
Put command parameter 080213
950 ## - LOCAL HOLDINGS (RLIN)
-- 1
Holdings
Withdrawn status Lost status Source of classification or shelving scheme Not for loan Home library Current library Date acquired Total Checkouts Full call number Barcode Date last seen Date last checked out Price effective from Koha item type
    Library of Congress Classification   Kabarak, Main Campus Kabarak, Main Campus 17/12/2015 1 JQ1875 .A55O84 012107 23/10/2018 26/09/2018 17/12/2015 Africana Collection
Designed with assistance from East African Informatics Ltd